Laguna Beach Cast Quiz Stats

 Plays Quiz not verified by Sporcle

Challenge
Share
Tweet
Embed
Score 0/8 Timer 05:00
0 Plays Today
Season 1 % Correct
Had a crush on # 2LC
98.7%
Dated #4Stephen
95.1%
# 1 Best friendLo
93.3%
'Mean Girl' Dated # 2Kristen
87.8%
Jessica's BoyfriendDieter
74%
# 7 Best friendMorgan
73.6%
# 2 Best FriendTrey
72.7%
Pastor's daughterChristina
70.2%

You're not logged in!

Compare scores with friends on all Sporcle quizzes.
Join for Free
OR
Log In

You Might Also Like...

Show Comments

Extras

Created Nov 11, 2011ReportNominate
Tags:Cast Quiz, beach, season

Top Quizzes Today


Score Distribution

Your Account Isn't Verified!

In order to create a playlist on Sporcle, you need to verify the email address you used during registration. Go to your Sporcle Settings to finish the process.

Report this User

Report this user for behavior that violates our Community Guidelines.

Details: